<?xml version="1.0" encoding="UTF-8"?>
<record
    xmlns:xsi="http://www.w3.org/2001/XMLSchema-instance"
    xsi:schemaLocation="http://www.loc.gov/MARC21/slim http://www.loc.gov/standards/marcxml/schema/MARC21slim.xsd"
    xmlns="http://www.loc.gov/MARC21/slim">

  <leader>01386nam a2200217 a 4500</leader>
  <controlfield tag="005">20241023121310.0</controlfield>
  <controlfield tag="008">100630t1999||||sp  |||g      p 1p0dspa d</controlfield>
  <datafield tag="020" ind1=" " ind2=" ">
    <subfield code="a">8401462452</subfield>
  </datafield>
  <datafield tag="041" ind1=" " ind2=" ">
    <subfield code="a">spa</subfield>
  </datafield>
  <datafield tag="092" ind1=" " ind2=" ">
    <subfield code="c">808</subfield>
    <subfield code="l">81</subfield>
    <subfield code="s">STE</subfield>
  </datafield>
  <datafield tag="100" ind1="1" ind2=" ">
    <subfield code="a">Steel, Danielle</subfield>
    <subfield code="9">3936</subfield>
  </datafield>
  <datafield tag="245" ind1=" " ind2=" ">
    <subfield code="a">Cinco dias en Paris /</subfield>
    <subfield code="c">Danielle Steel</subfield>
  </datafield>
  <datafield tag="250" ind1=" " ind2=" ">
    <subfield code="a">4a ed.</subfield>
    <subfield code="b">Traducci&#xF3;n Gemma Moral Bartolome</subfield>
  </datafield>
  <datafield tag="260" ind1=" " ind2=" ">
    <subfield code="a">Barcelona: </subfield>
    <subfield code="b">Plaza &amp; Janes;</subfield>
    <subfield code="c">1999.</subfield>
  </datafield>
  <datafield tag="300" ind1=" " ind2=" ">
    <subfield code="a">251 p.</subfield>
  </datafield>
  <datafield tag="500" ind1=" " ind2=" ">
    <subfield code="a">Steel, D. (1995). Cinco d&#xED;as en Par&#xED;s. (4a ed.). Barcelona : Plaza &amp; Janes.</subfield>
  </datafield>
  <datafield tag="505" ind1=" " ind2=" ">
    <subfield code="a">Arrastrados por las circunstancias, un hombre y su mujer ven c&#xF3;mo, a pesar de sus &#xE9;xitos materiales, su respectivas vidas se encaminan hacia el desenga&#xF1;o y el fracaso. De or&#xED;genes humildes, Peter Haskell ha alcanzado un alto cargo en una empresa farmac&#xE9;utica. No obstante, su matrimonio con Kate se desliza por la ci&#xE9;naga del tedio y la incomprensi&#xF3;n. Olivia es la esposa de un inescrupuloso senador que aspira a ocupar la Casa Blanca, y es la mujer perfecta para encarnar el papel de primera dama. Pero no est&#xE1; dispuesta a convertirse en una marioneta de su ambicioso marido. Peter y Olivia coinciden fortuitamente en Par&#xED;s. Y este encuentro inesperado propiciar&#xE1; una arrebatadora historia de amor. </subfield>
  </datafield>
  <datafield tag="590" ind1=" " ind2=" ">
    <subfield code="a">Proyecto 4to Libro. Donaci&#xF3;n Victoria Lara, Mayo 2018.</subfield>
  </datafield>
  <datafield tag="655" ind1=" " ind2=" ">
    <subfield code="a">Literatura</subfield>
    <subfield code="9">2917</subfield>
  </datafield>
  <datafield tag="942" ind1=" " ind2=" ">
    <subfield code="2">lcc</subfield>
    <subfield code="c">LIT</subfield>
  </datafield>
  <datafield tag="999" ind1=" " ind2=" ">
    <subfield code="c">2801</subfield>
    <subfield code="d">2801</subfield>
  </datafield>
  <datafield tag="952" ind1=" " ind2=" ">
    <subfield code="0">0</subfield>
    <subfield code="1">0</subfield>
    <subfield code="2">ddc</subfield>
    <subfield code="4">0</subfield>
    <subfield code="7">0</subfield>
    <subfield code="a">BFM</subfield>
    <subfield code="b">BFM</subfield>
    <subfield code="c">CR</subfield>
    <subfield code="d">2018-05-28</subfield>
    <subfield code="e">Donaci&#xF3;n Victoria Lara, mayo 2018</subfield>
    <subfield code="l">2</subfield>
    <subfield code="o">808 81 DAN</subfield>
    <subfield code="p">4286</subfield>
    <subfield code="r">2023-05-22</subfield>
    <subfield code="s">2023-05-08</subfield>
    <subfield code="t">Ej. 1</subfield>
    <subfield code="w">2018-05-28</subfield>
    <subfield code="y">LIT</subfield>
    <subfield code="z">Proyecto 4to libro. Donaci&#xF3;n Victoria Lara, mayo 2018</subfield>
  </datafield>
</record>
